Pharmaceutical dosage forms (Record no. 17031)
[ view plain ]
| 000 -LEADER | |
|---|---|
| fixed length control field | 00667nam a22001937a 4500 |
| 008 - FIXED-LENGTH DATA ELEMENTS--GENERAL INFORMATION | |
| fixed length control field | 180724b xxu||||| |||| 00| 0 eng d |
| 020 ## - INTERNATIONAL STANDARD BOOK NUMBER | |
| International Standard Book Number | 0824790202 |
| 050 ## - LIBRARY OF CONGRESS CALL NUMBER | |
| Classification number | RS201 |
| Item number | .P43 1993 v. 3 c. 1 |
| 245 ## - TITLE STATEMENT | |
| Title | Pharmaceutical dosage forms |
| Remainder of title | parenteral medications |
| Statement of responsibility, etc. | edited by Kenneth E. Avis, Herbert A. Lieberman, Leon Lachman |
| 250 ## - EDITION STATEMENT | |
| Edition statement | 2nd ed. |
| Remainder of edition statement | revised and expanded |
| 260 ## - PUBLICATION, DISTRIBUTION, ETC. (IMPRINT) | |
| Place of publication, distribution, etc. | New York |
| Name of publisher, distributor, etc. | Marcel Dekker |
| Date of publication, distribution, etc. | 1993 |
| 300 ## - PHYSICAL DESCRIPTION | |
| Extent | xvi, 572p. |
| 650 ## - SUBJECT ADDED ENTRY--TOPICAL TERM | |
| Topical term or geographic name as entry element | Infusions, parenteral |
| 650 ## - SUBJECT ADDED ENTRY--TOPICAL TERM | |
| Topical term or geographic name as entry element | Technology, pharmaceutical |
| 700 ## - ADDED ENTRY--PERSONAL NAME | |
| Personal name | Avis, Kenneth E. (ed.) |
| 700 ## - ADDED ENTRY--PERSONAL NAME | |
| Personal name | Lieberman, Herbert A. (ed.) |
| 700 ## - ADDED ENTRY--PERSONAL NAME | |
| Personal name | Lachman, Leon |
| 942 ## - ADDED ENTRY ELEMENTS (KOHA) | |
| Source of classification or shelving scheme | Library of Congress Classification |
| Koha item type | General Collection |
| Edition | 3rd |
| Classification part | RS201 |
| Withdrawn status | Lost status | Source of classification or shelving scheme | Not for loan | Home library | Current library | Shelving location | Date acquired | Cost, normal purchase price | Total Checkouts | Full call number | Barcode | Date last seen | Copy number | Price effective from | Koha item type |
|---|---|---|---|---|---|---|---|---|---|---|---|---|---|---|---|
| Library of Congress Classification | Kabarak, Main Campus | Kabarak, Main Campus | General Stacks | 24/07/2018 | 14032.82 | RS201 .P43 1993 v. 3 c. 1 | 025494 | 24/07/2018 | c. 1 | 24/07/2018 | General Collection | ||||
| Library of Congress Classification | Kabarak, Main Campus | Kabarak, Main Campus | General Stacks | 24/07/2018 | 14032.82 | RS201 .P43 1993 v. 3 c. 2 | 025495 | 24/07/2018 | c. 2 | 24/07/2018 | General Collection | ||||
| Library of Congress Classification | Kabarak, Main Campus | Kabarak, Main Campus | General Stacks | 24/07/2018 | 14032.82 | RS201 .P43 1993 v. 3 c. 3 | 025496 | 24/07/2018 | c. 3 | 24/07/2018 | General Collection | ||||
| Library of Congress Classification | Kabarak, Main Campus | Kabarak, Main Campus | General Stacks | 24/07/2018 | 14032.82 | RS201 .P43 1993 v. 3 c. 4 | 025497 | 24/07/2018 | c. 4 | 24/07/2018 | General Collection | ||||
| Library of Congress Classification | Kabarak, Main Campus | Kabarak, Main Campus | General Stacks | 24/07/2018 | 14032.82 | RS201 .P43 1993 v. 3 c. 5 | 025498 | 24/07/2018 | c. 5 | 24/07/2018 | General Collection |